|
|
|
|
| LEADER |
00000nam a2200000 a 4500 |
| 005 |
20120222130323.0 |
| 007 |
cr|||| |||| |
| 008 |
030107s2002 sp |||||| 100 ||spa|d |
| 017 |
|
|
|a DL M. 42960-2002
|
| 020 |
|
|
|a 8470887262
|
| 035 |
|
|
|a 6094
|
| 040 |
|
|
|d vLex
|
| 090 |
|
|
|c 3023
|d 3023
|
| 245 |
0 |
0 |
|a Seminario internacional sobre la profesionalizacin̤ de la funcin̤ pb︢lica en Iberoamřica.
|h [Recurso electrn̤ico] :
|b La profesionalizacin̤ de la Funcin̤ Pb︢lica en Iberoamřica
|
| 256 |
|
|
|a Servicio en ln̕ea
|
| 260 |
|
|
|a Madrid :
|b Instituto Nacional de Administracin̤ Pb︢lica,
|c 2002
|
| 300 |
|
|
|a 1 recurso electrn̤ico
|
| 500 |
|
|
|a Ponencias presentadas en un seminario organizado por el INAP en colaboracin̤ con la Agencia Espaǫla de Cooperacin̤ Internacional para estudiar, desde una perspectiva comparada, los distintos sistemas de funcin̤ pb︢lica existentes en Amřica Latina y la profesionalizacin̤ de sus funcionarios. Conclusiones de los grupos de trabajo que funcionaron en el seno del Seminario: Ética pb︢lica, Estatuto jurd̕ico y carrera administrativa, y Anl̀isis de necesidades y propuestas de actuacin̤.
|
| 506 |
1 |
|
|a Contenido solo disponible en los productos indicados
|d vLex Global
|d vLex Global (Academic Edition, excluding Law Schools)
|d vLex Global (U.S. Academic Edition, Law Schools)
|d vLex Global (U.S. Academic Edition, excluding Law Schools)
|d vLex Global (Academic Edition, Law Schools)
|
| 650 |
0 |
4 |
|a Administracin̤ pb︢lica
|z Amřica latina
|
| 650 |
0 |
4 |
|a Administracin̤ pb︢lica
|z Amřica latina
|x Congresos
|
| 650 |
0 |
4 |
|a Funcin̤ pb︢lica
|z Amřica latina
|
| 710 |
2 |
|
|a Instituto Nacional de Administracin̤ Pb︢lica (Espaą)
|
| 711 |
2 |
|
|a Seminario Internacional sobre la Profesionalizacin̤ de la Funcin̤ Pb︢lica en Iberoamřica
|d (2002 :
|c Santa Cruz de la Sierra, Bolivia)
|
| 740 |
0 |
|
|a vLex Libros (Servicio en ln̕ea)
|
| 830 |
|
0 |
|a Informes y documentos (Espaą. Ministerio para las Administraciones Pb︢licas)
|
| 856 |
4 |
0 |
|u http://vlex.com/source/profesionalizacion-funcion-publica-iberoamerica-6094
|z Acceso restringido
|
| 942 |
|
|
|c BOOK
|